| 000 | 00764nam a2200229 a 4500 | ||
|---|---|---|---|
| 005 | 20250408063807.0 | ||
| 008 | 040422s1998 es r 000 0 spa d | ||
| 020 | _a8420481793 | ||
| 035 | _aUPN01000133051 | ||
| 049 | _aCG | ||
| 050 | 4 |
_aPQ6666 E7.65 _bO2.7 1998 |
|
| 100 | 1 |
_aPérez-Reverte, Arturo, _d1951- _928615 |
|
| 245 | 1 | 0 |
_aObra breve / _cPérez Reverte. |
| 250 | _a7a ed. | ||
| 260 |
_aMadrid : _bAlfaguara, _c1998. |
||
| 300 | _av- | ||
| 500 | _aLa biblioteca tiene el v.1 | ||
| 505 | 8 |
_aContenido : _tEl húsar -- _tLa pasajera del San Carlos -- _tLa sombra del águila -- _tUn asunto de honor -- _tSobre cuadros, libros y héroes |
|
| 650 | 4 |
_aLiteratura española _ySiglo XX _95886 |
|
| 650 | 4 |
_aNovela española _ySiglo XX _99779 |
|
| 905 | _aLibro | ||
| 999 |
_c105204 _d105204 |
||